Shakespeare : Hamlet / (Record no. 19290)
[ view plain ]
| 000 -LEADER | |
|---|---|
| fixed length control field | 00733nam a2200253 a 4500 |
| 001 - CONTROL NUMBER | |
| control field | 19290 |
| 003 - CONTROL NUMBER IDENTIFIER | |
| rucl marc code | BD-RjUL |
| 005 - DATE AND TIME OF LATEST TRANSACTION | |
| control field | 20211209000418.0 |
| 008 - FIXED-LENGTH DATA ELEMENTS--GENERAL INFORMATION | |
| fixed length control field | 140223r19671963enk b 000 0 eng d |
| 035 ## - SYSTEM CONTROL NUMBER | |
| System control number | oxf98605513 |
| -- | (BD-RjUL)19348 |
| 040 ## - CATALOGING SOURCE | |
| Original cataloging agency | SJD |
| Modifying agency | m.c |
| -- | BD-RjUL |
| Language of cataloging | eng |
| Transcribing agency | BD-RjUL |
| 041 ## - LANGUAGE CODE | |
| Language code of text/sound track or separate title | eng |
| 082 ## - DEWEY DECIMAL CLASSIFICATION NUMBER | |
| Classification number | 822.33 |
| Author mark and year | MUS 1967 |
| 090 ## - LOCALLY ASSIGNED LC-TYPE CALL NUMBER (OCLC); LOCAL CALL NUMBER (OCLC) | |
| Classification number (OCLC) (R) ; Classification number, CALL (RLIN) (NR) | PR2750 |
| Local cutter number (OCLC) ; Book number/undivided call number, CALL (RLIN) | .B07 1965 |
| 100 1# - MAIN ENTRY--PERSONAL NAME | |
| Personal name | Muir, Kenneth |
| 9 (RLIN) | 59331 |
| 245 10 - TITLE STATEMENT | |
| Title | Shakespeare : Hamlet / |
| 260 ## - PUBLICATION, DISTRIBUTION, ETC. (IMPRINT) | |
| Place of publication, distribution, etc. | London : |
| Name of publisher, distributor, etc. | Edward Arnold Ltd.,, |
| Date of publication, distribution, etc. | 1963 [Reprinted 1967]. |
| 300 ## - PHYSICAL DESCRIPTION | |
| Pagination | 61p. ; |
| Size | 22 cm |
| 490 1# - SERIES STATEMENT | |
| Series statement | Shakespeare quarto facsimilies ; |
| Volume/sequential designation | no. 7 |
| 650 ## - SUBJECT ADDED ENTRY--TOPICAL TERM | |
| Topical term or geographic name as entry element | Drama |
| 9 (RLIN) | 59332 |
| Topical term or geographic name as entry element | Literatura |
| 9 (RLIN) | 50332 |
| 700 1# - ADDED ENTRY--PERSONAL NAME | |
| Personal name | Shakespeare, William, |
| Dates associated with a name | 1875-1959. |
| 942 ## - ADDED ENTRY ELEMENTS (KOHA) | |
| Source of classification or shelving scheme | Dewey Decimal Classification |
| Koha item type | Books |
| Lost status | Source of classification or shelving scheme | Damaged status | Not for loan | Collection code | Permanent Location | Current Location | Shelving location | Date acquired | Source of acquisition | Cost, normal purchase price | Total Checkouts | Full call number | Date last seen | Date checked out | Copy number | Koha item type |
|---|---|---|---|---|---|---|---|---|---|---|---|---|---|---|---|---|
| Dewey Decimal Classification | Fiction | Central Library, University of Rajshahi | Central Library, University of Rajshahi | 27/11/1969 | Zeit | 10.00 | 2 | 822.33 MUS 1967 | 27/06/2024 | 16/05/2024 | C-2 | Books | ||||
| Dewey Decimal Classification | Non-fiction | Central Library, University of Rajshahi | Central Library, University of Rajshahi | 27/06/1968 | Swets & zeitlinger | 8.06 | 1 | 822.33 MUS 1967 | 23/04/2019 | 15/04/2019 | C-3 | Books |